| 000 | 01575cam a2200361 a 4500 | ||
|---|---|---|---|
| 999 |
_c478668 _d478668 |
||
| 001 | 15650399 | ||
| 003 | NUST | ||
| 005 | 20180702104533.0 | ||
| 008 | 090306s2010 maua b 001 0 eng | ||
| 010 | _a 2009009932 | ||
| 020 | _a9780262013369 | ||
| 020 | _a0262013363 | ||
| 035 | _a(OCoLC)ocn314840580 | ||
| 038 | _aazhar | ||
| 040 |
_aDLC _cDLC _dC#P _dCDX _dDLC |
||
| 043 | _an-us--- | ||
| 050 | 0 | 0 |
_aHQ799.2.M352 _bH36 2010 |
| 082 | 0 | 0 |
_a302.23/108350973 _222 |
| 245 | 0 | 0 |
_aHanging out, messing around, and geeking out : _bkids living and learning with new media / _cMizuko Ito ... [et al.] ; with contributions by Judd Antin ... [et al.]. |
| 260 |
_aCambridge, Mass. : _bMIT Press, _cc2010. |
||
| 300 |
_axix, 419 p. : _bill. ; _c24 cm. |
||
| 490 | 1 | _aThe John D. and Catherine T. MacArthur Foundation series on digital media and learning | |
| 504 | _aIncludes bibliographical references and index. | ||
| 650 | 0 |
_aMass media and youth _zUnited States. _911365 |
|
| 650 | 0 |
_aDigital media _xSocial aspects _zUnited States. _911366 |
|
| 650 | 0 |
_aTechnology and youth _zUnited States. _911367 |
|
| 650 | 0 |
_aLearning _xSocial aspects. _911368 |
|
| 700 | 1 |
_aItō, Mizuko. _911369 |
|
| 830 | 0 |
_aJohn D. and Catherine T. MacArthur Foundation series on digital media and learning. _911370 |
|
| 906 |
_a7 _bcbc _corignew _d1 _eecip _f20 _gy-gencatlg |
||
| 942 |
_2ddc _cBK |
||